Equipos de fútbol argentinos por color - Estadísticas

Estadísticas generales
  • Esta prueba ha sido intentada 1.141 veces
    1.139 desde el último reinicio
  • La puntuación promedio es 19 de 26
Estadísticas de respuestas
Colores Equipo % Correcto
B{oca} {Juniors}
99%
R{osario} {Central}
86%
R{iver}
82%
T{alleres}
80%
H{uracán}
79%
N{ewell's}
79%
S{an} {Lorenzo}
79%
V{élez} {Sarsfield}
79%
R{acing}
78%
E{studiantes}
77%
D{efensa} {y} {Justicia}
76%
C{olón}
75%
Independiente
74%
A{ldosivi}
73%
U{nión}
73%
G{imnasia} {y} {Esgrima}
72%
A{rgentinos} {Juniors}
70%
P{atronato}
69%
Banfield
66%
B{elgrano}
66%
A{tlético} {Tucumán}
65%
G{odoy} {Cruz}
65%
T{igre}
63%
S{an} {Martín}
51%
Lanús
46%
San Martín
43%
No se encontraron pruebas coincidentes
Distribución de puntuación
Porcentaje de gente con cada puntuación
Porcentaje por número respondido
Historial de tus puntuaciones
No has intentado esta prueba desde el último reinicio